| 000 | 00530nam a22001697a 4500 | ||
|---|---|---|---|
| 999 |
_c526305 _d526305 |
||
| 003 | NUST | ||
| 020 | _qPBK | ||
| 038 | _aFaiza | ||
| 082 |
_a929.2 _bALM |
||
| 100 |
_aAlam Puri, Ibn e Nawab Muhammad Asghar Naseem _917285 |
||
| 245 |
_aGondal bar se Bahir tak / _cIbn e Nawab Muhammad Asghar Naseem Alampuri |
||
| 260 |
_a[s.l] : _c2005. |
||
| 300 | _a266 p. ; | ||
| 880 |
_6100-01\r _aابن نواب محمد اصغر نسیم عالمپوری |
||
| 880 |
_6245-02\r _aگوندل بار سے باہر تک / |
||
| 942 |
_2ddc _cBK |
||